Příběhy předškoláků a malých školáků

Korporativní autor: Levné knihy (firma)
Další autoři: Macías, Valériane
Jazyk: Čeština
Vydáno: Praha : Svojtka & Co., 2009
Vydání: 1. české vyd.
Témata:
Externí odkaz: Digitalizovaný dokument
Fyzický popis: 64 s. : barev. il. ; 30 cm
Knihy
Uloženo v:
LEADER 01589nam a2200445 a 4500
001 nkc20091863571
003 CZ PrNK
005 20170214235011.0
007 ta
008 090317s2009 xr a b 000 j cze
015 |a cnb001863571 
020 |a 978-80-256-0184-6  |q (váz.) 
035 |a (OCoLC)316302729 
040 |a OLA001  |b cze  |d BOA001 
041 1 |a cze  |h fre 
072 7 |a 821-93  |x Literatura pro děti a mládež (beletrie)  |2 Konspekt  |9 26 
080 |a 821-93  |2 MRF 
080 |a 821-32  |2 MRF 
080 |a (0:82-32)  |2 MRF 
245 0 0 |a Příběhy předškoláků a malých školáků 
246 1 4 |a Příběhy malých školáků a předškoláků 
250 |a 1. české vyd. 
260 |a Praha :  |b Svojtka & Co.,  |c 2009 
300 |a 64 s. :  |b barev. il. ;  |c 30 cm 
500 |a Přeloženo z francouzštiny 
500 |a Na obálce pod názvem: Levné knihy 
500 |a Ilustrace Valériane Macias ... [et al.] 
655 7 |a příběhy  |7 fd133204  |2 czenas 
655 7 |a publikace pro děti  |7 fd133156  |2 czenas 
655 9 |a stories  |2 eczenas 
655 9 |a children's literature  |2 eczenas 
700 1 |a Macías, Valériane  |7 xx0087523  |4 ill 
710 2 |a Levné knihy (firma)  |7 kn20030219013 
765 0 |t Belles histoires au coin du feu  |9 Česky 
856 4 1 |u http://www.digitalniknihovna.cz/mzk/uuid/uuid:5aeb0370-d722-11e6-8a71-005056827e52  |y Digitalizovaný dokument  |x NDK 
910 2 |a BOA001  |b 4-1221.027 
990 |a BK 
995 |a 01 
991 |b 200904 
996 6 |b 2610373469  |c 4-1221.027  |l MZK  |r Sklad / do 1 hodiny  |n 0  |p p.v.  |w 000933689  |u 000010  |a 1  |e BOA001  |j MZK50  |s P